<?xml version="1.0" encoding="UTF-8"?>
<record
    xmlns:xsi="http://www.w3.org/2001/XMLSchema-instance"
    xsi:schemaLocation="http://www.loc.gov/MARC21/slim http://www.loc.gov/standards/marcxml/schema/MARC21slim.xsd"
    xmlns="http://www.loc.gov/MARC21/slim">

  <leader>01600    a2200205   4500</leader>
  <controlfield tag="001">82</controlfield>
  <controlfield tag="005">20260407155407.0</controlfield>
  <controlfield tag="008">260407a2007    arg                 spa d</controlfield>
  <controlfield tag="003">AR-UNSa-BCEJYS</controlfield>
  <datafield tag="040" ind1=" " ind2=" ">
    <subfield code="a">AR-UNSa-BCEJYS</subfield>
    <subfield code="b">spa</subfield>
    <subfield code="c">AR-UNSa-BCEJYS</subfield>
  </datafield>
  <datafield tag="080" ind1=" " ind2=" ">
    <subfield code="a">330(82)</subfield>
    <subfield code="x">Economia Argentina</subfield>
  </datafield>
  <datafield tag="245" ind1="1" ind2="0">
    <subfield code="a">Crisis, recuperaci&#xF3;n y nuevos dilemas</subfield>
    <subfield code="p">La econom&#xED;a argentina 2002-2007</subfield>
  </datafield>
  <datafield tag="264" ind1=" " ind2="1">
    <subfield code="a">Santiago de Chile :</subfield>
    <subfield code="b">CEPAL (Comisi&#xF3;n Econ&#xF3;mica para Am&#xE9;rica Latina y el Caribe)</subfield>
    <subfield code="c">2007</subfield>
  </datafield>
  <datafield tag="300" ind1=" " ind2=" ">
    <subfield code="a">426 p.</subfield>
    <subfield code="c">28 cm</subfield>
  </datafield>
  <datafield tag="505" ind1=" " ind2=" ">
    <subfield code="a">1. Crisis, recuperaci&#xF3;n y nuevos dilemas. La econom&#xED;a argentina 2002-2007 - 2. Macroeconom&#xED;a en recuperaci&#xF3;n: la Argentina post-crisis - 3. El crecimiento reciente de la industria. Nuevo r&#xE9;gimen sin cambio estructural - 4. Evoluci&#xF3;n reciente de la balanza comercial argentina. El desplazamiento de la restricci&#xF3;n externa - 5. Inversi&#xF3;n extranjera directa en la Argentina. Crisis, reestructuraci&#xF3;n y nuevas tendencias despu&#xE9;s de la convertibilidad - 6. El desarrollo agropecuario en las &#xFA;ltimas d&#xE9;cadas: &#xBF;Volver a creer? - 7. La innovaci&#xF3;n en la Argentina post-devaluaci&#xF3;n. Antecedentes previos y tendencias a futuro - 8. Crecimiento econ&#xF3;mico y desigualdades territoriales en Argentina -9. El mercado de trabajo luego de la crisis. Avances y desaf&#xED;os - 10. Pol&#xED;ticas sociales en Argentina: viejos problemas, nuevos desaf&#xED;os </subfield>
  </datafield>
  <datafield tag="942" ind1=" " ind2=" ">
    <subfield code="c">BK</subfield>
  </datafield>
  <datafield tag="590" ind1=" " ind2=" ">
    <subfield code="a">niveau_biblio:m niveau_hierar:0</subfield>
  </datafield>
  <datafield tag="100" ind1="1" ind2=" ">
    <subfield code="a">Kosacoff, Bernardo</subfield>
  </datafield>
  <datafield tag="856" ind1="4" ind2="1">
    <subfield code="u">https://biblioeco.unsa.edu.ar/pmb/images/libros/Crisis, recuperacion y nuevos dilemas-l117367.jpg</subfield>
    <subfield code="y">Imagen de portada</subfield>
    <subfield code="q">image/jpeg</subfield>
  </datafield>
  <datafield tag="999" ind1=" " ind2=" ">
    <subfield code="c">60</subfield>
    <subfield code="d">60</subfield>
  </datafield>
  <datafield tag="952" ind1=" " ind2=" ">
    <subfield code="0">0</subfield>
    <subfield code="1">0</subfield>
    <subfield code="4">0</subfield>
    <subfield code="7">0</subfield>
    <subfield code="a">BCEJYS</subfield>
    <subfield code="b">BCEJYS</subfield>
    <subfield code="c">16</subfield>
    <subfield code="d">2026-04-07</subfield>
    <subfield code="l">0</subfield>
    <subfield code="o">330(82) K86</subfield>
    <subfield code="p">L117367</subfield>
    <subfield code="r">2026-04-07 15:54:07</subfield>
    <subfield code="w">2026-04-07</subfield>
    <subfield code="y">L</subfield>
  </datafield>
</record>
